Watford FC Squad 2024-2025 - Statistics

General Stats
  • This quiz has been taken 43 times
  • The average score is 20 of 30
Answer Stats
# Position Nation Player % Correct
5 DF Scotland Ryan Porteous
85%
17 MF France Moussa Sissoko
81%
1 GK Austria Daniel Bachmann
78%
10 MF Morocco Imrân Louza
78%
3 DF Chile Francisco Sierralta
74%
8 MF Georgia Giorgi Chakvetadze
74%
2 DF DR Congo Jeremy Ngakia
74%
12 FW Sweden Ken Sema
74%
20 FW Mali Mamadou Doumbia
74%
19 FW Ivory Coast Vakoun Bayo
74%
6 DF England Mattie Pollock
70%
11 FW Ireland Rocco Vata
70%
39 MF DR Congo Edo Kayembe
67%
33 GK Norway Egil Selvik
67%
34 FW Germany Kwadwo Baah
67%
- Coach England Tom Cleverley
67%
26 DF United States Caleb Wiley
63%
22 DF England James Morris
63%
23 GK England Jonathan Bond
63%
24 MF Nigeria Tom Dele-Bashiru
63%
21 DF Italy Angelo Ogbonna
59%
4 DF Cameroon Kévin Keben
59%
14 MF Belgium Pierre Dwomoh
59%
45 DF England Ryan Andrews
59%
7 FW England Tom Ince
59%
37 DF Algeria Yasser Larouci
59%
15 DF Croatia Antonio Tikvić
56%
18 FW Canada Daniel Jebbison
56%
25 DF Ireland James Abankwah
56%
41 GK England Alfie Marriott
37%
No matching quizzes found
Score Distribution
Percent of People with Each Score
Percentile by Number Answered
Your Score History
You have not taken this quiz